| 000 | 00431nam a2200133Ia 4500 | ||
|---|---|---|---|
| 008 | 171207s9999 xx 000 0 und d | ||
| 100 | _aJiang, Jing | ||
| 245 | _aUnderstanding inactive yet available assignees in GitHub | ||
| 245 | _cJing Jiang, David Lo, Xinyu Ma, Fuli Feng, Li Zhang | ||
| 260 | _c2017 | ||
| 300 | _apages 44-44, July 2017 | ||
| 440 |
_aInformation and Software Technology _v91: |
||
| 650 | _aSOFTWARE TECHNLOGY | ||
| 999 |
_c347626 _d347626 |
||